000 00702nab a2200217 a 4500
005 20210223125718.0
008 991125s1985 mx 000 0 spa u
035 _aUPN01000140150
100 1 _aPaoloni, Paola Verónica Rita
222 0 _aREVISTA DE LA EDUCACION SUPERIOR
245 0 0 _aAportes para la comprensión de la motivación en contexto : tareas académicas en la universidad
260 _aMéxico
300 _a33-50
362 0 _a2005 Vol. 34(1), no. 133, ene.-mar.
653 0 _aMOTIVACION
653 0 _aTAREAS ACADEMICAS
653 0 _aEDUCACION SUPERIOR
700 1 _aRinaudo, María Cristina,
_ecoaut.
_932126
700 1 _aDonolo, Danilo Silvio,
_ecoaut.
905 _aArticulo
999 _c112298
_d112298